000 00477nam a2200181Ia 4500
008 240925s9999 xx 000 0 und d
020 _a8120312430
082 _a621.7 DEG
100 _aPaul ,DeGarmo E.
245 0 _aMaterials and Processes in Manufacturing
250 _a8th
260 _aNew Delhi:
_bPrentice Hall
_c,2003.
300 _axii,352p.
_bNA
_fPhotocopy
500 _aIncludes Index
600 _aElectronic Engineering
650 _aTechnology
942 _cBK
999 _c9237
_d9237